01328nam a22001937a 450000500170000000800410001702000180005805000240007608200260010011000120012624500220013825000190016026000500017930000250022950000780025450506990033265000570103165000460108820231102151558.0130722t20032013MX A | |||| 00| 0 s d a9786074064216 4aC KGF4550bA28 2013 4a346.7208bM611af 2013 aMexico  aAgenda Financiera a20a. edición3 aMéxicob : Ediciones Fiscales ISEFc , 2013 apaginación variada aContiene todas las disposiciones publicadas hasta la fecha de impresión aLey de instituciones de crédito Ley general de organizaciones y actividades auxiliares de crédito Ley del banco de México y reglamento Ley de sociedades de inversión Ley para regular las agrupaciones financieras Ley Federal para la prevención e Identificación de Operaciones con Recursos de Procedencia Ilícita Ley Orgánica de Nacional Financiera Ley de la Comisión Nacional Bancaria y de Valores Ley de Protección y Defensa al Usuario de Servicios Financieros Ley para regular las sociedades de información crediticia Ley de Protección al Ahorro Bancario Ley de Mercado de Valores Ley Monetaria de los Estados Unidos Mexicanos Ley de Ahorro y Crédito Popular  0aFINANZAS PÚBLICASzMÉXICOxLEYES Y LEGISLACIÓN 0aFINANZASvLEYES Y LEGISLACIÓNzMÉXICO